000 00496nam a2200181Ia 4500
008 230917s9999||||xx |||||||||||||| ||und||
020 _cGBP 48.99 (RS 4944.56)
040 _e5002059
_aMAIN
041 _aEnglish
082 _a658.8 B751B(5)
100 _aBrennan, Ross
245 0 _aBusiness-to-business marketing
250 _a5th 5th ed.
260 _aLondon
_bSage Publications
_c2020
300 _axiv, 405 p.
500 _a4499 25/01/2022 HBD22/9223 27/01/2022 Main Budget
942 _cBK
999 _c5138
_d5138